Welcome to WEB OPAC of MRSPTU Central Library

Marketing with cd (Record no. 5933)

MARC details
000 -LEADER
fixed length control field 00471nam a2200181Ia 4500
008 - FIXED-LENGTH DATA ELEMENTS--GENERAL INFORMATION
fixed length control field 230711s9999||||xx |||||||||||||| ||und||
020 ## - INTERNATIONAL STANDARD BOOK NUMBER
International Standard Book Number 978-0-07-015156-7
041 ## - LANGUAGE CODE
Language code of text/sound track or separate title ENG
082 ## - DEWEY DECIMAL CLASSIFICATION NUMBER
Classification number 658.8
Item number ET-M
100 ## - MAIN ENTRY--PERSONAL NAME
Personal name Etzel,Michael J
245 #0 - TITLE STATEMENT
Title Marketing with cd
250 ## - EDITION STATEMENT
Edition statement 14th Ed.
260 ## - PUBLICATION, DISTRIBUTION, ETC.
Date of publication, distribution, etc. 2010
Place of publication, distribution, etc. New Delhi
Name of publisher, distributor, etc. McGraw Hill Education(India) Private Limited
300 ## - PHYSICAL DESCRIPTION
Extent 880p.
650 ## - SUBJECT ADDED ENTRY--TOPICAL TERM
Topical term or geographic name entry element UNIVESITY BUSNIESS SCHOOL
700 ## - ADDED ENTRY--PERSONAL NAME
Personal name Walker,Bruce J
942 ## - ADDED ENTRY ELEMENTS (KOHA)
Koha item type Book
Holdings
Withdrawn status Lost status Damaged status Not for loan Collection Home library Current library Date acquired Cost, normal purchase price Inventory number Total checkouts Full call number Barcode Date last seen Price effective from Koha item type Date last checked out
          MRSPTU Central Library MRSPTU Central Library   850.00 842483   658.8 ET-M 32005 08/17/2023 08/17/2023 Book  
          MRSPTU Central Library MRSPTU Central Library   850.00 842483 1 658.8 ET-M 32006 11/19/2025 08/17/2023 Book 10/23/2025
          MRSPTU Central Library MRSPTU Central Library   850.00 842483   658.8 ET-M 32007 08/17/2023 08/17/2023 Book  
          MRSPTU Central Library MRSPTU Central Library         658.8 ET-M 37882 08/17/2023 08/17/2023 Book  

Website Designed and Developed by MRSPTU Central Library Team

E-mail Id: librarian@mrsptu.ac.in